000 00274 a2200109 4500
001 38583
082 _a536.7 RAG
090 _c24456
_d24456
100 _aRagone D V
245 _athermodynamics of materials vol.II
260 _aGreat Britain
_bButter worth & Helenman
_c1995
942 _aNUST-CAE
_k536.7 RAG
999 _c273656
_d273656